Biblioteca Fatec Adamantina

Negócios digitais : (Registro n. 393)

Detalhes MARC
000 -LEADER
fixed length control field 00748nam a22002657a 4500
003 - CONTROL NUMBER IDENTIFIER
control field OSt
005 - DATE AND TIME OF LATEST TRANSACTION
control field 20250424144201.0
007 - PHYSICAL DESCRIPTION FIXED FIELD--GENERAL INFORMATION
fixed length control field ta
008 - FIXED-LENGTH DATA ELEMENTS--GENERAL INFORMATION
fixed length control field 250424b bl ||||| |||| 00| 0 por d
020 ## - INTERNATIONAL STANDARD BOOK NUMBER
International Standard Book Number 9788545200598
Qualifying information (encad.)
040 ## - CATALOGING SOURCE
Language of cataloging por
Transcribing agency OSt
041 0# - LANGUAGE CODE
Language code of text/sound track or separate title por
Language code of original por
082 ## - DEWEY DECIMAL CLASSIFICATION NUMBER
Classification number 658.812
Item number N384n
210 ## - ABBREVIATED TITLE
Source Negócios digitais
245 10 - TITLE STATEMENT
Title Negócios digitais :
Remainder of title aprenda a usar o real poder da internet nos seus negócios /
260 ## - PUBLICATION, DISTRIBUTION, ETC.
Place of publication, distribution, etc. São Paulo :
Name of publisher, distributor, etc. Editora Gente,
Date of publication, distribution, etc. 2015.
300 ## - PHYSICAL DESCRIPTION
Extent 223 p. :
Dimensions 23 cm
650 04 - SUBJECT ADDED ENTRY--TOPICAL TERM
Topical term or geographic name entry element Sucesso nos negócios
650 04 - SUBJECT ADDED ENTRY--TOPICAL TERM
Topical term or geographic name entry element Comércio eletrônico
650 04 - SUBJECT ADDED ENTRY--TOPICAL TERM
Topical term or geographic name entry element Marketing digital
650 04 - SUBJECT ADDED ENTRY--TOPICAL TERM
Topical term or geographic name entry element Empreendedorismo
650 04 - SUBJECT ADDED ENTRY--TOPICAL TERM
Topical term or geographic name entry element Vendas
700 1# - ADDED ENTRY--PERSONAL NAME
Personal name Pakes, Alan
9 (RLIN) 569
Relator term Organizador
942 ## - ADDED ENTRY ELEMENTS (KOHA)
Source of classification or shelving scheme Dewey Decimal Classification
Koha item type LIVRO
Suppress in OPAC No
Exemplares
Withdrawn status Lost status Source of classification or shelving scheme Damaged status Not for loan Home library Current library Date acquired Total checkouts Full call number Barcode Date last seen Copy number Price effective from Koha item type
    Dewey Decimal Classification     Biblioteca Fatec Adamantina Biblioteca Fatec Adamantina 24.04.2025   658.812 - N384n 2025-0981 24.04.2025 ex.1 24.04.2025 LIVRO
    Dewey Decimal Classification     Biblioteca Fatec Adamantina Biblioteca Fatec Adamantina 24.04.2025   658.812 - N384n 2025-0982 24.04.2025 ex.2 24.04.2025 LIVRO
    Dewey Decimal Classification     Biblioteca Fatec Adamantina Biblioteca Fatec Adamantina 24.04.2025   658.812 - N384n 2025-0983 24.04.2025 ex.3 24.04.2025 LIVRO
    Dewey Decimal Classification     Biblioteca Fatec Adamantina Biblioteca Fatec Adamantina 24.04.2025   658.812 - N384n 2025-0984 24.04.2025 ex.4 24.04.2025 LIVRO

Para mais informações envie um e-mail para [email protected].